• 首页
  • 本馆介绍
  • 公告通知
  • 最新文献
  • 馆藏检索
  • 电子资源
  • 读者导购
  • 参考咨询
  • 我的图书馆
  • 登录
  • 详细信息显示
  • 放入我的书架
  • 预约/预借图书
  • 作者相关作品
  • 分类相关作品
  • 丛书相关作品
  • 出版社相关作品

书目信息

  • 表格格式
  • 工作单格式
  • 卡片格式
题名:
法语现代词汇字典
    
 
作者: 刘志侠 编
分册:  
出版信息: 北京   中国友谊出版公司  1987
页数: 430页
开本: 19cm
丛书名:
单 册:
中图分类: H326
科图分类:
主题词: 法语--词典
电子资源:
ISBN:
000 00627nam0 2200229 45
001 0187004538
005 20050422100402.0
010    @b精装@dCNY3.80
091    @a9309.1
100    @a19901101d1987 emky0chiy0121 ea
101 2  @achi@afre
102    @aCN@b110000
105    @ay z 000yy
200 10 @a法语现代词汇字典@Afa yu xian dai ci hui zi dian@f(法)刘志侠编@F(Fa)LiuZhi Xia Bian
210    @a北京@c中国友谊出版公司@d1987
215    @a430页@d19cm
606 0  @a法语@x词典
690    @aH326@v3
701  0 @a刘志侠@4编
801  0 @aCN@b深圳图书馆@c20050421
801  2 @aCN@bNLC@c20050421
905    @f1@b236478@dH326@e40
    
    法语现代词汇字典/(法)刘志侠编.-北京:中国友谊出版公司,1987
    430页;19cm
    
    
    ISBN (精装):CNY3.80
    
●
相关链接 在E读中查询图书 在五车中查询图书 在当当中查询图书 在豆瓣中查询图书


正题名:法语现代词汇字典     索取号:H326/40         预约/预借

序号 登录号 条形码 馆藏地/架位号 状态 备注
1 0236478   001134702   密集书库/ [索取号:H326/40] 在馆    
2 0236479   001134695   第二样本阅览室/ [索取号:H326/40] 在馆    
唐山师范学院图书馆 欢迎您!
大连网信软件有限公司© 版权所有